Normal view MARC view

Entry Personal Name

Number of records used in: 2

001 - CONTROL NUMBER

  • control field: 2753

003 - CONTROL NUMBER IDENTIFIER

  • control field: TR-AnCHP

005 - DATE AND TIME OF LATEST TRANSACTION

  • control field: 20190517154341.0

008 - FIXED-LENGTH DATA ELEMENTS

  • fixed length control field: 1901101016n|cannaabn |n|d ||

040 ## - CATALOGING SOURCE

  • Original cataloging agency: TR-AnCHP

100 10 - HEADING--PERSONAL NAME

  • Personal name: Evliya Çelebi

670 ## - SOURCE DATA FOUND

  • Source citation: Çelebi, Evliya.
  • Information found: Seyahatname'ye göre ruhaniyetli şehir BursaEvliya Çelebi; hazırlayan Hasan Basri Öcalan